000 00573nam a2200193Ia 4500
005 20260114185621.0
008 008 260114s9999 xx 000 0 eng d
020 _a9781472582959
037 _aEBOOK
040 _aCRL
_beng
_cCRL
041 _aeng
_2eng
084 _qCRL
100 _aSir Winston S. Churchill
_9872271
245 0 _aWar Speeches Volume VII Secret Session Speeches
260 _bBloomsbury
_c2017
856 _uhttps://doi.org/10.5040/9781472582959?locatt=label:secondary_bloomsburyCollections
942 _cEBOOK
999 _c1471219
_d1471219